000 00346 a2200169 4500
001 62185
020 _a8516017834
040 _cAnchieta - Pituba
100 _aBoccanera, Silio
240 1 0 _aJogo duplo
_lpor
245 1 0 _aJogo duplo
300 _a221
362 0 _a1997
440 1 _aModerna
650 4 _aFicção brasileira
942 _cBK
999 _c62185
_d62185